Справочник по расчетам гидравлических и вентиляционных систем

Dettagli Bibliografici
Riassunto:В справочнике приводятся данные, необходимые для расчета гидравлических и вентиляционных сетей. Эти данные, представленные в виде диаграмм, графиков и формул, включают коэффициенты гидравлического сопротивления различных трубопроводов и запорно-регулирующих элементов гидравлических и вентиляционных сетей, характеристики насосов и вентиляторов, выпускаемых отечественными и зарубежными производителями. Приводятся методики и примеры расчетов, сортаменты труб и арматуры, используемых на практике, а также существующие ГОСТы и нормативные документы. Справочник предназначен для специалистов, занимающихся проектированием, монтажом и эксплуатацией гидравлических и вентиляционных систем, а также будет полезен исследователям, преподавателям, аспирантам и студентам технических вузов.
Lingua:russo
Pubblicazione: СПб., Профессионал, 2006
Edizione:3-е изд., доп. и перераб.
Soggetti:
Natura: MixedMaterials Libro
KOHA link:https://koha.lib.tpu.ru/cgi-bin/koha/opac-detail.pl?biblionumber=155024

MARC

LEADER 00000nam0a2200000 4500
001 155024
005 20231101221816.0
010 |a 5983710117 
035 |a (RuTPU)RU\TPU\book\168149 
090 |a 155024 
100 |a 20090310d2006 km y0rusy50 ca 
101 0 |a rus 
102 |a RU 
105 |a a g 001zy 
200 1 |a Справочник по расчетам гидравлических и вентиляционных систем 
205 |a 3-е изд., доп. и перераб. 
210 |a СПб.  |c Профессионал  |d 2006 
215 |a 1154 с.  |c ил. 
320 |a Библиография в конце разделов. 
330 |a В справочнике приводятся данные, необходимые для расчета гидравлических и вентиляционных сетей. Эти данные, представленные в виде диаграмм, графиков и формул, включают коэффициенты гидравлического сопротивления различных трубопроводов и запорно-регулирующих элементов гидравлических и вентиляционных сетей, характеристики насосов и вентиляторов, выпускаемых отечественными и зарубежными производителями. Приводятся методики и примеры расчетов, сортаменты труб и арматуры, используемых на практике, а также существующие ГОСТы и нормативные документы. Справочник предназначен для специалистов, занимающихся проектированием, монтажом и эксплуатацией гидравлических и вентиляционных систем, а также будет полезен исследователям, преподавателям, аспирантам и студентам технических вузов. 
606 1 |a Гидравлические сопротивления  |2 stltpush  |3 (RuTPU)RU\TPU\subj\6530  |9 34400 
606 1 |a Жидкости  |x Движение по трубам   |2 stltpush  |3 (RuTPU)RU\TPU\subj\10882  |9 37891 
606 1 |a Вентиляционные системы   |x Расчет  |2 stltpush  |3 (RuTPU)RU\TPU\subj\2206  |9 30799 
610 1 |a гидравлика 
610 1 |a жидкости 
610 1 |a газы 
610 1 |a физико-механические свойства 
610 1 |a гидростатика 
610 1 |a гидродинамика 
610 1 |a газодинамические явления 
610 1 |a насосы 
610 1 |a классификация 
610 1 |a центробежные насосы 
610 1 |a осевые насосы 
610 1 |a диагональные насосы 
610 1 |a насосы трения 
610 1 |a электромагнитные насосы 
610 1 |a объемные насосы 
610 1 |a насосы специального назначения 
610 1 |a насосное оборудование 
610 1 |a трубопроводы 
610 1 |a гидравлические расчеты 
610 1 |a перекачка 
610 1 |a системы вентиляции 
610 1 |a воздуховоды 
610 1 |a газодинамический расчет 
610 1 |a естественная вентиляция 
610 1 |a механическая вентиляция 
610 1 |a кондиционирование 
610 1 |a пожарная безопасность 
610 1 |a справочники 
675 |a 532.542(035)  |v 3 
675 |a 697.911(035)  |v 3 
801 1 |a RU  |b 63413507  |c 20090310  |g PSBO 
801 2 |a RU  |b 63413507  |c 20090429  |g PSBO 
942 |c BK 
959 |a 34/20090310  |d 1  |e 7920,00  |f ЧЗТЛ:1